000 007090000a22002170004500
003 LK-CoMWRAF
005 20240605132200.0
008 230817t2001 ||||| |||| 00| 0 eng d
020 _a9558430013
040 _aLK-CoMWRAF
_dLK-CoMWRAF
_eLK-CoMWRAF
041 _atam
082 _a340.59
_bAME
100 _aஅமீன், ஏ.எச்.ஜி
_vAmeen, A.H.G.
242 _aQuadhi Neethimanra Nadaimuraikalum Seyatpadukalum
245 _aகாஸி நீதிமன்ற நடைமுறைகளும் செயற்பாடுகளும்
260 _aColombo:
_bAl- Ameen Law Center,
_c2001
300 _axi., 128 p.
650 _aQUAZI COURTS
650 _aIslamic law
942 _cBK
999 _c222
_d222